000 00771nam a2200253 a 4500
003 BD-DhJNU
005 20251015070748.0
008 250501s2013 ii a b 001 0 eng
020 _a978-8196544577
040 _aBD-DhJNU
_bENG
_cBD-DhJNU
_dBD-DhJNU
082 0 0 _a006.3 RIA
_223
100 1 _aRich, Elaine
245 1 0 _aArtificial intelligence /
_cAlain Stephen, Kevin Knight and Shivashankar B Nair
250 _a4th ed.
260 _aNew Delhi :
_bMedTech Science Press,
_c2024.
300 _axvi, 568 p. :
_bill. ;
_c25 cm.
504 _aIncludes bibliographical references and index.
650 0 _aData Science
650 0 _aArtificial intelligence
650 0 _aMachine learning
700 1 _aKnight, Kevin
700 1 _aNair, Shivashankar B
942 _cBK
999 _c2281
_d2281